<?xml version="1.0" encoding="UTF-8"?>
<record
    xmlns:xsi="http://www.w3.org/2001/XMLSchema-instance"
    xsi:schemaLocation="http://www.loc.gov/MARC21/slim http://www.loc.gov/standards/marcxml/schema/MARC21slim.xsd"
    xmlns="http://www.loc.gov/MARC21/slim">

  <leader>02046nam a2200277 i 4500</leader>
  <controlfield tag="003">DO-SdBNP</controlfield>
  <controlfield tag="005">20250611073818.0</controlfield>
  <controlfield tag="006">a||||gr|||| 00| 0 </controlfield>
  <controlfield tag="007">ta</controlfield>
  <controlfield tag="008">230921e2022    dr  c||| |||| 00| 0 spa d</controlfield>
  <datafield tag="040" ind1=" " ind2=" ">
    <subfield code="a">DO-SdBNP</subfield>
    <subfield code="b">spa</subfield>
    <subfield code="c">BNPHU</subfield>
    <subfield code="e">rda</subfield>
  </datafield>
  <datafield tag="082" ind1=" " ind2="4">
    <subfield code="2">22</subfield>
    <subfield code="b">R426i 2022</subfield>
  </datafield>
  <datafield tag="110" ind1="1" ind2=" ">
    <subfield code="a">Rep&#xFA;blica Dominicana.</subfield>
    <subfield code="b">Ministerio de Salud P&#xFA;blica</subfield>
    <subfield code="e">autor</subfield>
    <subfield code="9">80830</subfield>
  </datafield>
  <datafield tag="245" ind1="1" ind2="0">
    <subfield code="a">Informe ejecutivo de la presidencia Pro Tempore del Consejo de Ministros de Salud de Centro Am&#xE9;rica y Republica Dominicana:</subfield>
    <subfield code="b">junio - diciembre 2022</subfield>
    <subfield code="c">Presentaci&#xF3;n, Daniel Rivera.</subfield>
  </datafield>
  <datafield tag="246" ind1="1" ind2="3">
    <subfield code="a">Informe ejecutivo 2022.</subfield>
  </datafield>
  <datafield tag="264" ind1=" " ind2="1">
    <subfield code="a">Punta Cana, Rep&#xFA;blica Dominicana :</subfield>
    <subfield code="b">Sistema de Integraci&#xF3;n Centroamericana,</subfield>
    <subfield code="b">Pro Tempore,</subfield>
    <subfield code="c">2022</subfield>
  </datafield>
  <datafield tag="300" ind1=" " ind2=" ">
    <subfield code="a">55 p&#xE1;ginas :</subfield>
    <subfield code="b">Ilustraciones, retratos ;</subfield>
    <subfield code="c">28 cm.</subfield>
  </datafield>
  <datafield tag="336" ind1=" " ind2=" ">
    <subfield code="2">rdacontent</subfield>
    <subfield code="a">texto</subfield>
    <subfield code="b">txt</subfield>
  </datafield>
  <datafield tag="337" ind1=" " ind2=" ">
    <subfield code="2">rdamedia</subfield>
    <subfield code="a">sin mediaci&#xF3;n</subfield>
    <subfield code="b">nc</subfield>
  </datafield>
  <datafield tag="338" ind1=" " ind2=" ">
    <subfield code="2">rdacarrier</subfield>
    <subfield code="a">volumen</subfield>
    <subfield code="b">nc</subfield>
  </datafield>
  <datafield tag="500" ind1=" " ind2=" ">
    <subfield code="a">Incluye siglas o acr&#xF3;nimos.</subfield>
  </datafield>
  <datafield tag="505" ind1=" " ind2=" ">
    <subfield code="a">Presentaci&#xF3;n.-- Introducci&#xF3;n.</subfield>
    <subfield code="t">Reuni&#xF3;n de inducci&#xF3;n a la PPT COMISCA-RD 2022.--</subfield>
    <subfield code="t">Prioridades pol&#xED;tico- estrat&#xE9;gicas para el semestre julio - diciembre 2022.-- </subfield>
    <subfield code="t">Eje estrat&#xE9;gico 1.--</subfield>
    <subfield code="t">Eje estrat&#xE9;gico 2.--</subfield>
    <subfield code="t">Ruta de Salud: una mirada integral hacia la promoci&#xF3;n de la salud.--</subfield>
    <subfield code="t">Grupo T&#xE9;cnico Especializado de Promoci&#xF3;n de la Salud (GTEPS).--</subfield>
    <subfield code="t">Grupo T&#xE9;cnico Regional de la Salud Adolescente (GTERSA).--</subfield>
    <subfield code="t">Comisi&#xF3;n T&#xE9;cnica de G&#xE9;nero y Salud (CTGS).--</subfield>
    <subfield code="t">Red Centroamericana de Epidemiolog&#xED;a de Campo (REDCEC).--</subfield>
    <subfield code="t">Grupo T&#xE9;cnico de salud Mental (GTSM).--</subfield>
    <subfield code="t">Red Regional de Comunicadores en Salud (REDCOM).--</subfield>
    <subfield code="t">Red Regional de Laboratorios Nacionales de Referencias de Centroam&#xE9;rica y Rep&#xFA;blica Dominicana (REDLAB).--</subfield>
    <subfield code="t">Eje Estrat&#xE9;gico 3.--</subfield>
    <subfield code="t">Comisi&#xF3;n T&#xE9;cnica Regional de Medicamentos (CTRM).--</subfield>
    <subfield code="t">Comisi&#xF3;n T&#xE9;cnica de Vigilancia de la Salud y Sistemas de Informaci&#xF3;n (COTRVISI).--</subfield>
    <subfield code="t">Eje Estrat&#xE9;gico 4 para la Gesti&#xF3;n del Riesgo en Salud (CTGERS).--</subfield>
    <subfield code="t">Anexos.</subfield>
  </datafield>
  <datafield tag="590" ind1=" " ind2=" ">
    <subfield code="a">Inventariado 2023 / MF</subfield>
  </datafield>
  <datafield tag="700" ind1=" " ind2="2">
    <subfield code="a">Rivera, Daniel,</subfield>
    <subfield code="9">50394</subfield>
    <subfield code="e">presentaci&#xF3;n</subfield>
  </datafield>
  <datafield tag="942" ind1=" " ind2=" ">
    <subfield code="2">ddc</subfield>
    <subfield code="c">LBS1</subfield>
  </datafield>
  <datafield tag="952" ind1=" " ind2=" ">
    <subfield code="0">0</subfield>
    <subfield code="1">0</subfield>
    <subfield code="2">ddc</subfield>
    <subfield code="5">1</subfield>
    <subfield code="7">0</subfield>
    <subfield code="8">PD</subfield>
    <subfield code="a">BNPHU</subfield>
    <subfield code="b">BNPHU</subfield>
    <subfield code="c">CT</subfield>
    <subfield code="d">2023-07-06</subfield>
    <subfield code="e">Dep&#xF3;sito Legal  / Ministerio Saluda P&#xFA;blica</subfield>
    <subfield code="l">0</subfield>
    <subfield code="o">R426in</subfield>
    <subfield code="p">2023-6290</subfield>
    <subfield code="r">2023-09-21</subfield>
    <subfield code="w">2023-09-21</subfield>
    <subfield code="y">LBS1</subfield>
  </datafield>
  <datafield tag="952" ind1=" " ind2=" ">
    <subfield code="0">0</subfield>
    <subfield code="1">0</subfield>
    <subfield code="2">ddc</subfield>
    <subfield code="5">1</subfield>
    <subfield code="7">0</subfield>
    <subfield code="8">PD</subfield>
    <subfield code="a">BNPHU</subfield>
    <subfield code="b">BNPHU</subfield>
    <subfield code="c">CT</subfield>
    <subfield code="d">2023-07-06</subfield>
    <subfield code="e">Dep&#xF3;sito Legal  / Ministerio Saluda P&#xFA;blica</subfield>
    <subfield code="l">0</subfield>
    <subfield code="o">R426in</subfield>
    <subfield code="p">2023-6291</subfield>
    <subfield code="r">2023-09-21</subfield>
    <subfield code="t">e.2</subfield>
    <subfield code="w">2023-09-21</subfield>
    <subfield code="y">LBS1</subfield>
  </datafield>
  <datafield tag="952" ind1=" " ind2=" ">
    <subfield code="0">0</subfield>
    <subfield code="1">0</subfield>
    <subfield code="2">ddc</subfield>
    <subfield code="5">6</subfield>
    <subfield code="7">0</subfield>
    <subfield code="8">DS</subfield>
    <subfield code="a">BNPHU</subfield>
    <subfield code="b">BNPHU</subfield>
    <subfield code="c">CT</subfield>
    <subfield code="d">2023-07-06</subfield>
    <subfield code="e">Dep&#xF3;sito Legal / Salud P&#xFA;blica</subfield>
    <subfield code="l">0</subfield>
    <subfield code="o">R426in</subfield>
    <subfield code="p">2023-6292</subfield>
    <subfield code="r">2023-09-21</subfield>
    <subfield code="t">e.3</subfield>
    <subfield code="w">2023-09-21</subfield>
    <subfield code="y">LBS1</subfield>
  </datafield>
  <datafield tag="952" ind1=" " ind2=" ">
    <subfield code="0">0</subfield>
    <subfield code="1">0</subfield>
    <subfield code="2">ddc</subfield>
    <subfield code="5">6</subfield>
    <subfield code="7">0</subfield>
    <subfield code="8">DS</subfield>
    <subfield code="a">BNPHU</subfield>
    <subfield code="b">BNPHU</subfield>
    <subfield code="c">CT</subfield>
    <subfield code="d">2023-07-06</subfield>
    <subfield code="e">Salud P&#xFA;blica</subfield>
    <subfield code="l">0</subfield>
    <subfield code="o">BNPHU DS R426in</subfield>
    <subfield code="p">2023-7360</subfield>
    <subfield code="r">2023-10-25</subfield>
    <subfield code="t">e. 4</subfield>
    <subfield code="w">2023-09-21</subfield>
    <subfield code="y">LBS1</subfield>
  </datafield>
  <datafield tag="999" ind1=" " ind2=" ">
    <subfield code="c">54887</subfield>
    <subfield code="d">54887</subfield>
  </datafield>
</record>
